banner-ar

الموسيقار العبقرى الاصم بيتهوفن / (Record no. 65351)

MARC details
000 -الفاتح
حقل البيانات ثابتة الطول 00667nam a22002057a 4500
005 - وقت وتاريخ اخر تعامل مع التسجيلة
رقم الضبط 20240530110820.0
008 - عناصر البيانات ثابتة الطول - معلومات عامة
حقل البيانات ثابتة الطول 190115s1990 ua a f 000 0 ara d
017 ## - رقم الايداع القانونى
رقم الايداع القانونى 88/7901
المصدر ( الهيئة المختصة) مصر . دار الكتب
040 ## - مصدر الفهرسة
وكالة الفهرسة الأصلية EG-CaGPL
وكالة النسخ EG-CaGPL
082 04 - رقم تصنيف ديوى العشرى
رقم الطبعة 21
رقم التصنيف 780.92 /
رقم المادة ص م
100 0# - المدخل الرئيسى - إسم شخصى
الإسم الشخصى صلاح الدين البستانى
245 12 - بيان العنوان
العنوان الموسيقار العبقرى الاصم بيتهوفن /
بيان المسئوليه,etc صلاح الدين البستانى
250 ## - بيان الطبعة
بيان الطبعة ط.2
260 ## - PUBLICATION, DISTRIBUTION, ETC. (IMPRINT)
تاريخ النشر أو التوزيع 1990.
300 ## - الوصف المادى
التعداد 286 ص. :
تفاصيل ماديه اخرى للوعاء ايض ؛
أبعاد الوعاء 24 سم.
600 0# - المدخل الاضافى بالموضوع-اسم شخصى
الإسم الشخصى بيتهوفن
651 ## - المدخل الاضافى بالموضوع - اسم جغرافى
مصدر الرأس أو المصطلح qrmak
942 ## - عناصر المدخل الإضافي( كوها)
مصدر التصنيف او مخطط الترفيف Dewey Decimal Classification
Koha [default] item type كتاب
260 ## - PUBLICATION, DISTRIBUTION, ETC. (IMPRINT)
-- القاهرة :
Holdings
حالة التراجع حالة الفقد حالة تلف ليس للاعارة المكان المؤقت الموقع الحالى موقع الترفيف تاريخ الاكتساب اجمالي اﻻعارات رقم الطلب الباركود تاريخ اخر مشاهدة تاريخ تفعيل السعر نوع وعاء كوها
        مكتبة القاهرة الكبرى مكتبة القاهرة الكبرى   07/13/2019   780.92 / ص م 166085 07/13/2019 07/13/2019 كتاب
        مكتبة القاهرة الكبرى مكتبة القاهرة الكبرى   07/13/2019   780.92 / ص م 166086 07/13/2019 07/13/2019 كتاب

Powered By

EGPV